| 000 | 00991nam a22002057a 4500 | ||
|---|---|---|---|
| 999 |
_c3776 _d3776 |
||
| 003 | AR-CdUCM | ||
| 008 | 190307b ||||| |||| 00| 0 spa d | ||
| 040 |
_aMUNICIPALIDAD PROVINCIAL DEL CUSCO _cBIBLIOTECA MUNICIPAL DEL CUSCO |
||
| 082 |
_a323.1 / _bZ75 |
||
| 100 |
_aZevallos Aguilar, Emma _912194 |
||
| 245 |
_a¿La política? : _bpercepciones y conductas políticas en mujeres y varones rurales / |
||
| 260 |
_aLima : _bCEDEP, _c2001. |
||
| 300 |
_a127 páginas ; _bCuadros, gráficos. _c20.5 cm. |
||
| 505 | _aContenido: Percepciones y conductas políticas de las mujeres en el área rural -- Percepciones y conductas políticas de los varones en el área rural -- Las relaciones de la población con el Estado y sus representantes en el área rural -- Acceso y ejercicio del poder político municipal en el área rural. | ||
| 650 |
_aParticipación política _97489 |
||
| 650 |
_aMujer - política _912195 |
||
| 650 |
_aProceso electoral _912196 |
||
| 942 |
_2ddc _cLIBROS |
||
| 945 | _aafb | ||